ბათუმის შოთა რუსთაველის სახელმწიფო უნივერსიტეტის ბიბლიოთეკა

Особенности дифференцируемых отображений. Класификация критических точек каустик и волновых фронтов. (ბიბ.ჩანაწერი № 47956)

000 -LEADER
fixed length control field 00944nam a2200217Ia 4500
001 - CONTROL NUMBER
control field 14833
003 - CONTROL NUMBER IDENTIFIER
control field GE_BSU
008 - FIXED-LENGTH DATA ELEMENTS--GENERAL INFORMATION
fixed length control field 181216s||||||||xx |||||||||||||| ||und||
040 ## - CATALOGING SOURCE
Transcribing agency GE_BSU
080 ## - UNIVERSAL DECIMAL CLASSIFICATION NUMBER
Universal Decimal Classification number 517.2
100 ## - MAIN ENTRY--PERSONAL NAME
Personal name Арнольд, В.И., Варченко, С.М.
245 ## - TITLE STATEMENT
Title Особенности дифференцируемых отображений. Класификация критических точек каустик и волновых фронтов.
245 ## - TITLE STATEMENT
Statement of responsibility, etc. Под ред. В.И. Арнолда.
260 ## - PUBLICATION, DISTRIBUTION, ETC.
Place of publication, distribution, etc. Москва
260 ## - PUBLICATION, DISTRIBUTION, ETC.
Name of publisher, distributor, etc. Наука. главн. ред. физико-математической лит-ры.
260 ## - PUBLICATION, DISTRIBUTION, ETC.
Date of publication, distribution, etc. 1982
300 ## - PHYSICAL DESCRIPTION
Extent 302стр.22см.
653 ## - INDEX TERM--UNCONTROLLED
Uncontrolled term Класификация критических точек каустик и волновых фронтов.
653 ## - INDEX TERM--UNCONTROLLED
Uncontrolled term Особенности дифференцируемых отображений.
942 ## - ADDED ENTRY ELEMENTS (KOHA)
Koha item type წიგნი
ეგზემპლარები
Withdrawn status Lost status Damaged status Not for loan Date acquired Barcode Date last seen Price effective from Koha item type
        2018-12-17 15724 2018-12-17 2018-12-17 წიგნი